[Event "AUTO-ADV-542"]
[Site "http://www.queenalice.com/game.php?id=330229"]
[Date "2008.1.3"]
[Round "2"]
[White "Enrico"]
[Black "frigiliana"]
[Result "0-1"]
[WhiteElo "1787"]
[BlackElo "2268"]

1. e4 d5 2. exd5 Nf6 3. Nc3 Nxd5 4. Nxd5 Qxd5 5. d4 Nc6 6. c3 e5 7. Qe2 Bf5 8.
h3 O-O-O 9. Qc4 Qe4+ 10. Ne2 exd4 11. f3 Qh4+ 12. g3 Qh5 13. cxd4 Qxf3 14. Rg1
Bd3 15. Qc3 Bb4 0-1

[Event "AUTO-OPEN-609"]
[Site "http://www.queenalice.com/game.php?id=330230"]
[Date "2008.1.3"]
[Round "3"]
[White "frigiliana"]
[Black "erig1969"]
[Result "1-0"]
[WhiteElo "2269"]
[BlackElo "1916"]

1. e4 d6 2. Nc3 Nf6 3. d4 c6 4. Bg5 Nbd7 5. f4 g6 6. Nf3 Bg7 7. Qd2 d5 8. e5 Ng4
9. h3 Nh6 10. g4 f5 11. O-O-O fxg4 12. Bxh6 Bxh6 13. hxg4 Bg7 14. f5 gxf5 15.
gxf5 h5 16. Bd3 Nf8 17. Rdg1 Bh6 18. Ng5 Nh7 19. Rxh5 Nxg5 20. Rxh6 Nf7 21.
Rxh8+ 1-0

[Event "AUTO-OPEN-609"]
[Site "http://www.queenalice.com/game.php?id=330231"]
[Date "2008.1.3"]
[Round "3"]
[White "erig1969"]
[Black "frigiliana"]
[Result "0-1"]
[WhiteElo "1939"]
[BlackElo "2280"]

1. d4 c5 2. d5 e6 3. c4 Nf6 4. Nc3 exd5 5. Bg5 d4 6. Nd5 Be7 7. Nxe7 Qxe7 8. Nf3
O-O 9. Bxf6 Qxf6 10. Rb1 Nc6 11. g3 Re8 12. Bg2 d6 13. O-O Bf5 14. Rc1 Rad8 15.
Nh4 Be4 16. f3 Bf5 17. Qd2 Re3 18. Nxf5 Qxf5 19. f4 Rde8 20. Rce1 R8e7 21. Bxc6
bxc6 22. Kg2 Qe4+ 23. Kf2 d5 24. cxd5 cxd5 25. Rg1 d3 26. Kf1 dxe2+ 0-1

[Event "AUTO-OPEN-709"]
[Site "http://www.queenalice.com/game.php?id=336963"]
[Date "2008.1.15"]
[Round "3"]
[White "frigiliana"]
[Black "jose50"]
[Result "1-0"]
[WhiteElo "2284"]
[BlackElo "1961"]

1. e4 e5 2. f4 d5 3. d3 dxe4 4. fxe5 Nc6 5. Nc3 exd3 6. Nf3 dxc2 7. Qxc2 Bg4 8.
Bg5 Be7 9. Rd1 Qc8 10. Bf4 Bxf3 11. gxf3 Qe6 12. Kf2 Bc5+ 13. Kg3 g5 14. Bxg5
Nge7 15. Bh3 Qxe5+ 16. f4 Qe3+ 17. Kg2 Rg8 18. Rhf1 Rd8 19. Rf3 Rxg5+ 20. fxg5
Qxg5+ 21. Kh1 Nd4 22. Qa4+ 1-0

[Event "AUTO-OPEN-709"]
[Site "http://www.queenalice.com/game.php?id=336964"]
[Date "2008.1.15"]
[Round "3"]
[White "jose50"]
[Black "frigiliana"]
[Result "0-1"]
[WhiteElo "1964"]
[BlackElo "2282"]

1. e4 d5 2. exd5 Nf6 3. Bb5+ Bd7 4. Bc4 b5 5. Bb3 Bg4 6. f3 Bc8 7. Qe2 a6 8. c4
c6 9. dxc6 Nxc6 10. cxb5 Nd4 11. Qe5 e6 12. Ne2 Nxe2 13. Qxe2 Bc5 14. Bc4 axb5
15. Bxb5+ Bd7 16. Nc3 O-O 17. Bc4 Nd5 18. Nxd5 exd5 19. Bxd5 Re8 20. Be4 Qb6 21.
g4 Bb5 22. Qg2 Bd3 0-1

[Event "AUTO-OPEN-622"]
[Site "http://www.queenalice.com/game.php?id=364312"]
[Date "2008.3.2"]
[Round "3"]
[White "R_Mutt"]
[Black "frigiliana"]
[Result "1-0"]
[WhiteElo "2298"]
[BlackElo "2336"]

1. e4 d5 2. exd5 Nf6 3. d4 Bg4 4. Nf3 Qxd5 5. c4 Bxf3 6. gxf3 Qa5+ 7. Bd2 Qb6 8.
Be3 Nc6 9. d5 Qxb2 10. dxc6 Qxa1 11. cxb7 Rb8 12. Qa4+ Nd7 13. Bd3 Rxb7 14. O-O
Qf6 15. Be4 c6 16. Bxc6 Qg6+ 17. Kh1 Rc7 18. Bxd7+ Rxd7 19. Rd1 Qe6 20. Nc3 f5
21. Ne2 f4 22. Nxf4 Qf5 23. Rd5 e5 24. Qb5 Be7 25. Rxe5 Qf6 26. Re6 Qf7 27. h4
g6 28. Kg2 Qf5 29. Nd5 Qxe6 30. Nc7+ Kf7 31. Nxe6 Kxe6 32. c5 1-0

[Event "AUTO-OPEN-622"]
[Site "http://www.queenalice.com/game.php?id=364313"]
[Date "2008.3.2"]
[Round "3"]
[White "frigiliana"]
[Black "R_Mutt"]
[Result "1/2-1/2"]
[WhiteElo "2308"]
[BlackElo "2309"]

1. e4 e5 2. f4 d5 3. d3 Nc6 4. exd5 Qxd5 5. Nc3 Bb4 6. Bd2 Qe6 7. fxe5 Qxe5+ 8.
Qe2 Qxe2+ 9. Ngxe2 Bd7 10. g3 O-O-O 11. Bg2 Nge7 12. O-O-O Rhe8 13. Rhf1 f6 14.
Rde1 Kb8 15. Nf4 Ng6 16. Nfd5 Bc5 17. Nb5 Rxe1+ 18. Rxe1 Rc8 19. Bc3 a6 20. Na3
Re8 21. Rxe8+ 1/2-1/2

[Event "AUTO-OPEN-622"]
[Site "http://www.queenalice.com/game.php?id=364316"]
[Date "2008.3.2"]
[Round "3"]
[White "frigiliana"]
[Black "Guilherme_Ottoni"]
[Result "1-0"]
[WhiteElo "2304"]
[BlackElo "1922"]

1. e4 e5 2. f4 Bc5 3. Nf3 d6 4. c3 Bb6 5. d4 exd4 6. cxd4 Bg4 7. Nc3 Bxf3 8.
Qxf3 Bxd4 9. Bd2 Nc6 10. O-O-O Qd7 11. Bc4 Na5 12. Bb5 c6 13. Ne2 cxb5 14. Nxd4
Rc8+ 15. Kb1 Nc4 16. Bc3 Nh6 17. Rhe1 a5 18. Nf5 Nxf5 19. exf5+ Kf8 20. f6 Qf5+
21. Ka1 gxf6 22. g4 Qg6 23. g5 h6 24. Bxf6 Rh7 25. Qxb7 Rc5 26. Re8+ Kxe8 27.
Qe7# 1-0

[Event "AUTO-OPEN-622"]
[Site "http://www.queenalice.com/game.php?id=364317"]
[Date "2008.3.2"]
[Round "3"]
[White "Guilherme_Ottoni"]
[Black "frigiliana"]
[Result "0-1"]
[WhiteElo "1963"]
[BlackElo "2307"]

1. e4 d5 2. exd5 Nf6 3. d4 Bg4 4. Nf3 Nxd5 5. c4 Nb6 6. Be2 e6 7. h3 Bh5 8. Nc3
Nc6 9. Be3 Bxf3 10. Bxf3 Nxc4 11. Bxc6+ bxc6 12. Qa4 Nb6 13. Qxc6+ Qd7 14. Qxd7+
Kxd7 15. Rc1 Bb4 16. a3 Bd6 17. Nb5 Rhc8 18. Ke2 Nd5 19. Bd2 a6 20. Nc3 Nf4+ 21.
Bxf4 Bxf4 22. Rc2 Rab8 23. g3 Bd6 24. Rhc1 a5 25. f4 f6 26. Ke3 Rb3 27. Kd2 f5
28. Na4 Rxg3 29. Nc5+ Ke7 30. Nd3 Rxh3 31. Ne5 h6 32. Rg1 Rh2+ 33. Kc1 Rxc2+ 34.
Kxc2 Bxe5 35. dxe5 Rg8 36. Rc1 g5 37. fxg5 hxg5 38. Kd3 Kd7 39. Ke3 g4 40. Rd1+
Kc6 41. Rc1+ Kb6 42. Kf4 g3 43. Rg1 Rg4+ 44. Kf3 g2 45. Rxg2 Rxg2 46. Kxg2 Kc5
47. Kf3 a4 48. Kf4 Kd4 0-1

[Event "AUTO-OPEN-611"]
[Site "http://www.queenalice.com/game.php?id=370657"]
[Date "2008.3.13"]
[Round "3"]
[White "R_Mutt"]
[Black "frigiliana"]
[Result "1/2-1/2"]
[WhiteElo "2315"]
[BlackElo "2323"]

1. e4 c5 2. Nf3 d6 3. d4 cxd4 4. Nxd4 Nf6 5. Nc3 g6 6. f3 Bg7 7. Be3 Nc6 8. Qd2
Bd7 9. g4 Rc8 10. h4 h5 11. g5 Nh7 12. f4 Bg4 13. f5 O-O 14. Bh3 Bxh3 15. Rxh3
Ne5 16. O-O-O Nc4 17. Qe2 Re8 18. fxg6 fxg6 19. Bf2 e6 20. Nb3 Qe7 21. Nd2 Nxb2
22. Kxb2 b5 23. a3 a5 24. Qxb5 Qc7 25. Bb6 Bxc3+ 26. Kc1 Qf7 27. Rd3 Be5 28. Rf1
Qb7 29. a4 Rc6 30. Bd4 Qc8 31. Kd1 Bxd4 32. Rxd4 Rxc2 33. Rxd6 Nf8 1/2-1/2

[Event "AUTO-OPEN-611"]
[Site "http://www.queenalice.com/game.php?id=370658"]
[Date "2008.3.13"]
[Round "3"]
[White "frigiliana"]
[Black "R_Mutt"]
[Result "1/2-1/2"]
[WhiteElo "2308"]
[BlackElo "2309"]

1. e4 e5 2. f4 d5 3. d3 Nc6 4. exd5 Qxd5 5. Nc3 Bb4 6. Bd2 Qe6 7. fxe5 Qxe5+ 8.
Qe2 Qxe2+ 9. Ngxe2 Bd7 10. g3 O-O-O 11. Bg2 Nge7 12. Rf1 f6 13. O-O-O Rhe8 14.
Rde1 Kb8 15. Nf4 Ng6 16. Nfd5 Bf8 17. Nb5 Rxe1+ 18. Rxe1 Rc8 19. a3 Nce5 20.
Nbc3 a6 21. h4 1/2-1/2

[Event "AUTO-MASTER-374"]
[Site "http://www.queenalice.com/game.php?id=377888"]
[Date "2008.3.27"]
[Round "2"]
[White "gipmachado"]
[Black "frigiliana"]
[Result "1-0"]
[WhiteElo "2310"]
[BlackElo "2349"]

1. e4 d5 2. exd5 Nf6 3. Bb5+ Bd7 4. Bc4 b5 5. Bb3 a5 6. a3 Bg4 7. f3 Bc8 8. Nc3
c6 9. dxc6 a4 10. Nxb5 axb3 11. c7 Qd7 12. cxb8=Q Rxb8 13. c4 Ba6 14. a4 e5 15.
Qxb3 Bc5 16. Ne2 O-O 17. Qc2 Rfd8 18. b3 Rbc8 19. Bb2 Nd5 20. Qd3 Nb4 21. Qxd7
Rxd7 22. O-O-O Nd3+ 23. Kc2 f6 24. Rhf1 Ra8 25. Bc3 Bb6 26. b4 Rc8 27. Kb3 Kh8
28. Nc1 Nf4 29. g3 Nh3 30. a5 Ba7 31. Na3 Rcd8 32. b5 Bb7 33. Kb4 Ng5 34. f4
exf4 35. gxf4 Nh3 36. d4 Bg2 37. Rfe1 Kg8 38. b6 Rb7 39. Kb5 Rdb8 40. c5 Nxf4
41. Nd3 Nd5 42. Kc4 Bxb6 43. cxb6 Nxb6+ 44. axb6 Rxb6 45. Nc5 Rd6 46. Re7 Rd5
47. Ne6 Rc8+ 48. Kd3 Bh3 49. Rxg7+ Kh8 50. Re7 Rh5 51. Nc7 Bf5+ 52. Kc4 Rxh2 53.
d5 Rg2 54. Bxf6+ Kg8 55. d6 Rg4+ 56. Kd5 1-0

[Event "AUTO-MASTER-374"]
[Site "http://www.queenalice.com/game.php?id=377890"]
[Date "2008.3.27"]
[Round "2"]
[White "tonyalme"]
[Black "frigiliana"]
[Result "0-1"]
[WhiteElo "2260"]
[BlackElo "2317"]

1. d4 d5 2. Nf3 Nf6 3. c4 e6 4. Bg5 h6 5. Bxf6 Qxf6 6. Nc3 Bb4 7. e3 O-O 8. Rc1
Nc6 9. Be2 dxc4 10. Bxc4 e5 11. O-O Bxc3 12. bxc3 Bg4 13. Bd5 Rfe8 14. Qb3 Rab8
15. Nxe5 Nxe5 16. dxe5 Rxe5 17. e4 Be2 18. Rfe1 Bh5 0-1

[Event "AUTO-MASTER-374"]
[Site "http://www.queenalice.com/game.php?id=377891"]
[Date "2008.3.27"]
[Round "2"]
[White "frigiliana"]
[Black "tonyalme"]
[Result "1-0"]
[WhiteElo "2327"]
[BlackElo "2250"]

1. e4 e5 2. f4 exf4 3. Bc4 Nf6 4. Nc3 Nc6 5. d4 Bb4 6. Ne2 f3 7. gxf3 d5 8. exd5
Nxd5 9. O-O Nb6 10. Bb5 O-O 11. Kh1 Bxc3 12. bxc3 Bh3 13. Rg1 Qd5 14. Nf4 Qd6
15. Nxh3 Rad8 16. Bf4 Qe7 17. Bh6 1-0

[Event "AUTO-MASTER-370"]
[Site "http://www.queenalice.com/game.php?id=414235"]
[Date "2008.6.6"]
[Round "2"]
[White "frigiliana"]
[Black "gipmachado"]
[Result "1/2-1/2"]
[WhiteElo "2314"]
[BlackElo "2401"]

1. e4 e5 2. Nf3 Nc6 3. d4 exd4 4. Nxd4 Nf6 5. Nxc6 bxc6 6. Bd3 d5 7. e5 Ng4 8.
O-O Bc5 9. Bf4 f6 10. e6 Bxe6 11. h3 Ne5 12. Bxe5 fxe5 13. Qh5+ 1/2-1/2

[Event "AUTO-MASTER-370"]
[Site "http://www.queenalice.com/game.php?id=414236"]
[Date "2008.6.6"]
[Round "2"]
[White "gipmachado"]
[Black "frigiliana"]
[Result "0-1"]
[WhiteElo "2347"]
[BlackElo "2337"]

1. e4 c6 2. c4 d5 3. cxd5 cxd5 4. exd5 Qxd5 5. d4 e5 6. Nf3 exd4 7. Nxd4 Bb4+ 8.
Nc3 Nc6 9. Nxc6 Qxd1+ 10. Kxd1 bxc6 11. Bd3 Nf6 12. Re1+ Be6 13. Kc2 O-O 14. a3
Bd6 15. h3 Rab8 16. Be3 a5 17. Rad1 Bb3+ 0-1

[Event "AUTO-MASTER-370"]
[Site "http://www.queenalice.com/game.php?id=414237"]
[Date "2008.6.6"]
[Round "2"]
[White "frigiliana"]
[Black "Macuei"]
[Result "1/2-1/2"]
[WhiteElo "2311"]
[BlackElo "2407"]

1. e4 e6 2. Nc3 d5 3. Nf3 Nf6 4. e5 Nfd7 5. d4 c5 6. dxc5 Nc6 7. Bf4 Bxc5 8. Bd3
f6 9. exf6 Qxf6 10. Bg5 Qf7 11. O-O h6 12. Bh4 O-O 13. Bg3 a6 14. Qe2 1/2-1/2

[Event "AUTO-MASTER-370"]
[Site "http://www.queenalice.com/game.php?id=414238"]
[Date "2008.6.6"]
[Round "2"]
[White "Macuei"]
[Black "frigiliana"]
[Result "1/2-1/2"]
[WhiteElo "2409"]
[BlackElo "2308"]

1. d4 c5 2. d5 d6 3. e4 g6 4. Nf3 Bg7 5. Nc3 Nf6 6. Bb5+ Nbd7 7. a4 O-O 8. O-O
a6 9. Be2 Ne8 10. Bf4 Qb6 11. Ra3 h6 12. a5 Qc7 13. Qd2 g5 1/2-1/2

[Event "AUTO-MASTER-361"]
[Site "http://www.queenalice.com/game.php?id=414906"]
[Date "2008.6.8"]
[Round "2"]
[White "bepke"]
[Black "frigiliana"]
[Result "1/2-1/2"]
[WhiteElo "2316"]
[BlackElo "2308"]

1. e4 d5 2. exd5 Nf6 3. d4 Nxd5 4. c4 Nb6 5. Nf3 g6 6. Nc3 Bg7 7. Be3 O-O 8. h3
Nc6 9. Qd2 e5 10. d5 Na5 11. b3 e4 12. Ng5 Re8 13. Be2 f5 14. Rd1 h6 1/2-1/2

[Event "AUTO-MASTER-361"]
[Site "http://www.queenalice.com/game.php?id=414907"]
[Date "2008.6.8"]
[Round "2"]
[White "frigiliana"]
[Black "bepke"]
[Result "1/2-1/2"]
[WhiteElo "2308"]
[BlackElo "2316"]

1. e4 e5 2. f4 exf4 3. Bc4 Nf6 4. e5 d5 5. Bb3 Bg4 6. Nf3 Nh5 7. O-O c6 8. d4
Nd7 9. a4 a5 10. Na3 Be7 11. c4 Nb6 12. c5 Nd7 13. h3 1/2-1/2